Probability and statistics for engineers (Record no. 71494)

000 -LEADER
fixed length control field 00717nam a22002057a 4500
003 - CONTROL NUMBER IDENTIFIER
control field NUST - PNEC
005 - DATE AND TIME OF LATEST TRANSACTION
control field 20170116181201.0
008 - FIXED-LENGTH DATA ELEMENTS--GENERAL INFORMATION
fixed length control field 160217b xxu||||| |||| 00| 0 eng d
020 ## - INTERNATIONAL STANDARD BOOK NUMBER
International Standard Book Number 9789332550414
040 ## - CATALOGING SOURCE
Transcribing agency LIBRARY
082 ## - DEWEY DECIMAL CLASSIFICATION NUMBER
Classification number 519.2024 JOH
100 ## - MAIN ENTRY--PERSONAL NAME
9 (RLIN) 16463
Personal name Johnson, Richard A.
245 ## - TITLE STATEMENT
Title Probability and statistics for engineers
Statement of responsibility, etc. Richard A. Johnson
250 ## - EDITION STATEMENT
Edition statement Eighth Edition
260 ## - PUBLICATION, DISTRIBUTION, ETC.
Place of publication, distribution, etc. South Asia
Name of publisher, distributor, etc. Pearson Education
Date of publication, distribution, etc. c.2015
300 ## - PHYSICAL DESCRIPTION
Extent 524 p. :
650 ## - SUBJECT ADDED ENTRY--TOPICAL TERM
9 (RLIN) 16476
Topical term or geographic name entry element Probability and Statistics
General subdivision MIS
856 ## - ELECTRONIC LOCATION AND ACCESS
Uniform Resource Identifier <a href="http://www.amazon.com/Miller-Freunds-Statistics-Eng-Johnson/dp/9332550417/ref=sr_1_1?s=books&ie=UTF8&qid=1455692994&sr=1-1&keywords=9789332550414">http://www.amazon.com/Miller-Freunds-Statistics-Eng-Johnson/dp/9332550417/ref=sr_1_1?s=books&ie=UTF8&qid=1455692994&sr=1-1&keywords=9789332550414</a>
942 ## - ADDED ENTRY ELEMENTS (KOHA)
Source of classification or shelving scheme
Koha item type Book
Holdings
Withdrawn status Lost status Source of classification or shelving scheme Damaged status Not for loan Permanent Location Current Location Shelving location Date acquired Source of acquisition Cost, normal purchase price Total Checkouts Full call number Barcode Date last seen Cost, replacement price Price effective from Koha item type
          Pakistan Navy Engineering College (PNEC) Pakistan Navy Engineering College (PNEC)   12/07/2015 ZS Book Agency / Lib Grant 539.75   519.2024 JOH PNECLIB-032476 02/17/2016 539.75 12/07/2015 Book
© 2023 Central Library, National University of Sciences and Technology. All Rights Reserved.